From Kargil to Pulwama : (Record no. 187037)

MARC details
000 -LEADER
fixed length control field 00614nam a22001817a 4500
005 - DATE AND TIME OF LATEST TRANSACTION
control field 20220328144031.0
010 ## - LCCN (DPL NO)
LC control number ENG-132141
020 ## - INTERNATIONAL STANDARD BOOK NUMBER
International Standard Book Number 97881882903012
Terms of availability 1495.00
035 ## - SYSTEM CONTROL NUMBER
System control number EN-115673
037 ## - SOURCE OF ACQUISITION
Source of stock number/acquisition DBAD/PUB
082 ## - DEWEY DECIMAL CLASSIFICATION NUMBER
Classification number 954.05
100 ## - MAIN ENTRY--PERSONAL NAME
Personal name Mehta, R.C
245 ## - TITLE STATEMENT
Title From Kargil to Pulwama :
Remainder of title The story of Pakistan Misadventure with India/
Statement of responsibility, etc R.C. Mehta
260 ## - PUBLICATION, DISTRIBUTION, ETC. (IMPRINT)
Place of publication, distribution, etc Gurugram
Name of publisher, distributor, etc Shubhi Publications
Date of publication, distribution, etc 2019
270 ## - ADDRESS
Address 479, Sector- 14 Gurugam
City Gurugram
Postal code 122001
Electronic mail address Shubhipublication@yahoo.co.in
300 ## - PHYSICAL DESCRIPTION
Extent vii,284p.
Other physical details Bibliography History
Dimensions 22cm(hbk)
942 ## - ADDED ENTRY ELEMENTS (KOHA)
Source of classification or shelving scheme Dewey Decimal Classification
Item type English Books
Call number suffix MEH
Classification part 954.05
Holdings
Withdrawn status Lost status Not for loan Collection code Home library Current library Date acquired Source of acquisition Cost, normal purchase price Full call number Barcode Copy number Cost, replacement price Koha item type
      Non-fiction Central Library Central Library 28/03/2022 DBAD/PUB 1495.00 954.05 MEH EN-115673 1 1495.00 English Books

© Delhi Public Library
Hit Counter
free hit counter